Physical Chemistry for JEE (Advanced)/ (Record no. 186609)

MARC details
000 -LEADER
fixed length control field 00581nam a22001937a 4500
005 - DATE AND TIME OF LATEST TRANSACTION
control field 20220310112056.0
010 ## - LCCN (DPL NO)
LC control number ENG-131927
020 ## - INTERNATIONAL STANDARD BOOK NUMBER
International Standard Book Number 9789390555420
Terms of availability 849.00
035 ## - SYSTEM CONTROL NUMBER
System control number EN-1154559
037 ## - SOURCE OF ACQUISITION
Source of stock number/acquisition DBAD/PUB
082 ## - DEWEY DECIMAL CLASSIFICATION NUMBER
Classification number 541.3
100 ## - MAIN ENTRY--PERSONAL NAME
Personal name Verma, K.S.
245 ## - TITLE STATEMENT
Title Physical Chemistry for JEE (Advanced)/
Statement of responsibility, etc K.S. Verma
250 ## - EDITION STATEMENT
Edition statement 3e
260 ## - PUBLICATION, DISTRIBUTION, ETC. (IMPRINT)
Place of publication, distribution, etc Delhi
Name of publisher, distributor, etc Cengage Learning India Pvt. Ltd
Date of publication, distribution, etc 2021
270 ## - ADDRESS
Address T-303, 3rd Floor, DAV Complex, Plot 3 Mayur Vihar Phase 1
City Delhi
Postal code 110091
300 ## - PHYSICAL DESCRIPTION
Extent xi, vp.
Dimensions 28cm(pbk)
942 ## - ADDED ENTRY ELEMENTS (KOHA)
Source of classification or shelving scheme Dewey Decimal Classification
Item type English Books
Classification part 541.3
Call number suffix VER
Holdings
Withdrawn status Lost status Materials specified (bound volume or other part) Not for loan Collection code Home library Current library Date acquired Source of acquisition Cost, normal purchase price Full call number Barcode Copy number Cost, replacement price Koha item type
    Part-2   Non-fiction Bawana Bawana 10/03/2022 DBAD/PUB 849.00 541.3 VER EN-115459 1 849.00 English Books

© Delhi Public Library
Hit Counter
free hit counter